Buddhism: heritage and hermitage (Record no. 1218912)

MARC details
000 -LEADER
fixed length control field 00559nam a2200205Ia 4500
008 - FIXED-LENGTH DATA ELEMENTS--GENERAL INFORMATION
fixed length control field 241004s9999 xx 000 0 und d
020 ## - INTERNATIONAL STANDARD BOOK NUMBER
International Standard Book Number 9789383221448
037 ## - SOURCE OF ACQUISITION
Stock number Textbook
040 ## - CATALOGING SOURCE
Original cataloging agency ARTS
Language of cataloging eng
Transcribing agency ARTS
041 ## - LANGUAGE CODE
Language code of text/sound track or separate title eng
Source of code eng
084 ## - COLON CLASSIFICATION NUMBER
Classification number Q4 R2
Assigning agency ARTS
100 ## - MAIN ENTRY--PERSONAL NAME
Personal name Niharika Ed.
9 (RLIN) 724749
245 ## - TITLE STATEMENT
Title Buddhism: heritage and hermitage
Statement of responsibility, etc. Niharika Ed.
260 ## - PUBLICATION, DISTRIBUTION, ETC.
Place of publication, distribution, etc. India
Name of publisher, distributor, etc. Delhi Sharada Publishing House
Date of publication, distribution, etc. 2022
300 ## - PHYSICAL DESCRIPTION
Extent xx,269p.
365 ## - TRADE PRICE
Price type code INR
Price amount 5400
650 ## - SUBJECT ADDED ENTRY--TOPICAL TERM
Topical term or geographic name entry element Buddhism
942 ## - ADDED ENTRY ELEMENTS (KOHA)
Koha item type Textbook
Classification part Q4 R2
Holdings
Withdrawn status Lost status Source of classification or shelving scheme Damaged status Not for loan Home library Current library Date acquired Source of acquisition Cost, normal purchase price Inventory number Total Checkouts Full call number Barcode Date last seen Price effective from Koha item type
    Colon Classification (CC)     Arts Library Arts Library 2024-12-06 Eastern Book Linkers 5400.00 150 & 20/01/2023   Q4 R2 AL1666970 2024-10-04 2024-10-04 Textbook
Copyright @ Delhi University Library System